000 00625nam a2200157 a 4500
001 000009272
005 20200929161534.0
008 090929s1997 dr 000 0 spa d
040 _aDO-SdBNP
_bspa
_cBNPHU
245 0 0 _aSugerencias para la reforma de la Ley de Organización Judicial.
260 _aSanto Domingo :
_bComisión para la Reforma y Modernización de la Justicia (RMJ)
_bEditora Gente,
_c1997.
300 _a318 p. :
_bil., retrs. ;
_c22 cm.
490 1 _aForum permanente
_aAgenda
_v7
710 2 _aComisión para la Reforma y Modernización de la Justicia (RMJ)
_923989
830 0 _aForum permanente
_pAgenda
_v7
_923990
999 _c9034
_d9034